000 00994nam a2200265 i 4500
003 CO-ViMGA
005 20230915224425.0
008 201207s2020 ck ||||jr|||| 00| iaspa d
020 _a9789585591738
040 _aCO-ViMGA
_bspa
_cCO-ViMGA
041 1 _hpor
082 0 4 _a928.69
_bC64m
_222
100 1 _aColasanti, Marina
_e1937-
_dautora
_9163969
245 1 0 _aMi guerra ajena /
_bMarina Colasanti ; traduccion de Beatriz Peña Trujillo
250 _aEdicion especial
260 _aBogota :
_bBabel Libros,
_c2020
300 _a394 paginas
_c18 cm
490 0 _aPlan Nacional de Lectura y Escritura Leer es mi Cuento / Ministerio de Cultura
600 1 _aColasanti, Marina
_d1937-
_vBiografia
_9163693
600 1 _aColasanti, Marina
_d1937-
_vCorrespondencia, memorias, etc.
_9163692
650 1 7 _2LEMB
_aAutores brasileños
_vBiografi­as
_9163695
650 1 7 _2LEMB
_aDiarios intimos
_xLiteratura juvenil
_9163694
700 1 _aPeña Trujillo, Beatriz
_e traductora
_9111748
942 _2ddc
_cBK
999 _c9099
_d9099